书目信息 |
| 题名: |
当代国际共产主义运动史
|
|
| 作者: | ;青海师范大学《当代国际共产主义运动史》编写组 编写 | |
| 分册: | ||
| 出版信息: | 西宁 青海人民出版社 1984 |
|
| 页数: | 469页 | |
| 开本: | 21cm | |
| 丛书名: | ||
| 单 册: | ||
| 中图分类: | D18 | |
| 科图分类: | ||
| 主题词: | 国际共产主义运动史--1956 | |
| 电子资源: | ||
| ISBN: | ||
| 000 | 00811nam0 2200241 45 | |
| 001 | 0184010573 | |
| 005 | 20040427151027.2 | |
| 010 | @dCNY1.60 | |
| 091 | @a3097.863 | |
| 100 | @a19950705d1984 emky0chiy0121 ea | |
| 101 | 0 | @achi |
| 102 | @aCN@b630000 | |
| 105 | @ay z 000yy | |
| 106 | @ar | |
| 200 | 10 | @a当代国际共产主义运动史@Adang dai guo ji gong chan zhu yi yun dong shi@f青海师范大学等《当代国际共产主义运动史》编写组编写 |
| 210 | @a西宁@c青海人民出版社@d1984 | |
| 215 | @a469页@d21cm | |
| 606 | @a国际共产主义运动史@z1956 | |
| 690 | @aD18@v3 | |
| 711 | 02 | @a青海师范大学《当代国际共产主义运动史》编写组@Aqing hai shi fan da xue《 dang dai guo ji gong chan zhu yi yun dong shi》 bian xie zu@4编写 |
| 801 | 0 | @aCN@b上海图书馆@c20040427 |
| 801 | 2 | @aCN@bNLC@c20040427 |
| 905 | @f1@b139061@dD18@e4 | |
| 当代国际共产主义运动史/青海师范大学等《当代国际共产主义运动史》编写组编写.-西宁:青海人民出版社,1984 |
| 469页;21cm |
| ISBN :CNY1.60 |
| ● |
| 相关链接 |
|
|
|
|
正题名:当代国际共产主义运动史
索取号:D18/4
 
预约/预借
| 序号 | 登录号 | 条形码 | 馆藏地/架位号 | 状态 | 备注 |
| 1 | 0139061 | 001011256 | 第一借阅区/ [索取号:D18/4] | 在馆 | |
| 2 | 0139062 | 002050862 | 第一样本阅览室/ [索取号:D18/4] | 在馆 |